MyGZULibrary

The wretched of the earth/ (Record no. 595)

MARC details
000 -LEADER
fixed length control field 00796cam a22002771 4500
001 - CONTROL NUMBER
control field 3114124
003 - CONTROL NUMBER IDENTIFIER
control field GZU
005 - DATE AND TIME OF LATEST TRANSACTION
control field 20200908103852.0
008 - FIXED-LENGTH DATA ELEMENTS--GENERAL INFORMATION
fixed length control field 731030t19651963nyu 000 0 eng
010 ## - LIBRARY OF CONGRESS CONTROL NUMBER
LC control number 65014196
020 ## - INTERNATIONAL STANDARD BOOK NUMBER
International Standard Book Number 9780141186542
040 ## - CATALOGING SOURCE
Original cataloging agency DLC
Transcribing agency DLC
Modifying agency DLC
041 1# - LANGUAGE CODE
Language code of text/sound track or separate title engfre
043 ## - GEOGRAPHIC AREA CODE
Geographic area code e-fr---
-- f------
-- f-ae---
050 00 - LIBRARY OF CONGRESS CALL NUMBER
Classification number DT33
Item number .F313 1965
100 1# - MAIN ENTRY--PERSONAL NAME
Personal name Fanon, Frantz,
240 10 - UNIFORM TITLE
Uniform title Damnés de la terre.
Language of a work English
245 14 - TITLE STATEMENT
Title The wretched of the earth/
Statement of responsibility, etc. Frantz Fanon
260 ## - PUBLICATION, DISTRIBUTION, ETC.
Place of publication, distribution, etc. England:
Name of publisher, distributor, etc. Penguin Books
Date of publication, distribution, etc. 1961
300 ## - PHYSICAL DESCRIPTION
Extent 255 p.
Dimensions 21 cm.
650 #0 - SUBJECT ADDED ENTRY--TOPICAL TERM
Topical term or geographic name entry element Offenses against the person.
651 #0 - SUBJECT ADDED ENTRY--GEOGRAPHIC NAME
Geographic name France
General subdivision Colonies
Geographic subdivision Africa.
651 #0 - SUBJECT ADDED ENTRY--GEOGRAPHIC NAME
Geographic name Algeria
General subdivision History
Chronological subdivision 1945-1962.
906 ## - LOCAL DATA ELEMENT F, LDF (RLIN)
a 7
b cbc
c orignew
d u
e ocip
f 19
g y-gencatlg
942 ## - ADDED ENTRY ELEMENTS (KOHA)
Koha item type Books
Classification part 33
Item part FAN
Call number prefix DT
Holdings
Withdrawn status Lost status Damaged status Not for loan Collection code Home library Current library Shelving location Date acquired Total Checkouts Full call number Barcode Date last seen Copy number Price effective from Koha item type Source of acquisition Inventory number
        Non-fiction City Campus Library City Campus Library General Stacks 09/08/2020   DT 33 FAN 1961 027775 09/08/2020 C.1 09/08/2020 Books    
        Non-fiction City Campus Library City Campus Library General Stacks 05/08/2015   DT 33 FAN 1963 003860 09/08/2020 c-2 09/08/2020 Books Donations  
        Non-fiction Mashava Campus Library Mashava Campus Library General Stacks 05/11/2021   DT33 FAN 1963 G20983 05/11/2021 C.3 05/11/2021 Books Purchase G20983
        Non-fiction Mashava Campus Library Mashava Campus Library General Stacks 05/11/2021   DT33 FAN 1961 006279 05/11/2021 C.3 05/11/2021 Books Purchase 17722